000 00457nam a22001697a 4500
003 LK-CoMWRAF
005 20231120150111.0
008 231120b |||||||| |||| 00| 0 eng d
040 _aLK-CoMWRAF
_dLK-CoMWRAF
_eLK-CoMWRAF
041 _aeng
082 _a820
_bGCE
245 _aG C E (Advanced Level) English Literature :
_bPoems and notes : New syllabus
260 _aKalutara :
650 _aEnglish Literature
700 _aHewage, A. K.
942 _cBK
999 _c4170
_d4170